| 000 | 00380nam a2200157Ia 4500 | ||
|---|---|---|---|
| 008 | 230524s9999 xx 000 0 und d | ||
| 082 |
_a5.43 _bHES |
||
| 100 |
_aBrert Heslop _917545 |
||
| 245 | 0 | _aWorld for Windo 95 for Bible | |
| 250 | _a1ST | ||
| 260 |
_aNEW DELHI _bComdex _c1995 |
||
| 300 | _aXXXIV;923 | ||
| 500 | _aQuantity Number: 1 | ||
| 650 | _aComp-Sc | ||
| 942 | _cBK | ||
| 999 |
_c26547 _d26547 |
||